Distribuované výpočty /
Salvato in:
| Autore principale: | |
|---|---|
| Altri autori: | |
| Natura: | Manoscritto Libro |
| Lingua: | slovacco |
| Pubblicazione: |
Bratislava :
Slovenská technická univerzita v Bratislave
2007
|
| Soggetti: | |
| Tags: |
Nessun Tag, puoi essere il primo ad aggiungerne!!
|
MARC
| LEADER | 00000ntm a22000003a 4500 | ||
|---|---|---|---|
| 001 | 0066580 | ||
| 003 | SK-STU | ||
| 005 | 20180806111257.3 | ||
| 007 | ta | ||
| 008 | 180806s2018----xo-----f-mn---000-0-slo-d | ||
| 040 | |a STU |b slo | ||
| 041 | 0 | |a slo | |
| 044 | |a xo |c SK | ||
| 100 | 1 | |a Katreniak , Radoslav, |d 1984- |4 aut |X 30591 |7 A000030591 | |
| 245 | 1 | 0 | |a Distribuované výpočty / |c aut. Radoslav Katreniak ; škol. Margaréta Kotočová |
| 260 | |c 2007 |a Bratislava : |b Slovenská technická univerzita v Bratislave | ||
| 300 | |a 47 s., |e CD-ROM | ||
| 650 | 0 | 7 | |a architektúry softvéru |
| 700 | 1 | |a Kotočová, Margaréta, |d 1951- |u 070100 |r Z8 |4 ths |U FIIT Fakulta informatiky a informačných technológií |T FIIT Ústav počítačových systémov a sietí |X 2014 |U I100 |Y 178 |7 A000002014 | |
| 996 | |c I*BAP160/07 |l II680 |s P |a 0 |w 0066580_0001 | ||